000 00582nam a2200193Ia 4500
003 GCL
008 140319s9999 xx 000 0 ara d
040 _aGCL /
_cGCL
082 0 4 _a953.02
_bع ت
100 1 _aعبدالله العلايلى
245 1 0 _aتاريخ الحسين نقد وتحليل /
_cعبدالله العلايلى
260 _a[S.N] :
_bدار الجديد ،
_c1994
300 _a205 ص
490 _a
650 0 4 _aالتاريخ الاسلامى
650 0 4 _aالدولة الاموية
650 0 4 _aالحسين (الامام)
942 _2ddc
_cBK
999 _c36020
_d36020